Auditing & Assurance Services (Record no. 9621)

MARC details
000 -LEADER
fixed length control field 00579nam a22002177a 4500
003 - CONTROL NUMBER IDENTIFIER
control field OSt
005 - DATE AND TIME OF LATEST TRANSACTION
control field 20260401155146.0
008 - FIXED-LENGTH DATA ELEMENTS--GENERAL INFORMATION
fixed length control field 260401b |||||||| |||| 00| 0 eng d
020 ## - INTERNATIONAL STANDARD BOOK NUMBER
International Standard Book Number 9781266285998
040 ## - CATALOGING SOURCE
Transcribing agency DDC
082 ## - DEWEY DECIMAL CLASSIFICATION NUMBER
Classification number 657.45 AUD 2024
100 ## - MAIN ENTRY--PERSONAL NAME
Personal name Louwers, Timothy J. [et..al]
9 (RLIN) 19566
245 ## - TITLE STATEMENT
Title Auditing & Assurance Services
250 ## - EDITION STATEMENT
Edition statement 9th ed.
260 ## - PUBLICATION, DISTRIBUTION, ETC. (IMPRINT)
Place of publication, distribution, etc. New York; Mcgraw hill, 2024
300 ## - PHYSICAL DESCRIPTION
Extent xxix, 962p.; Col.ill: 28cm
504 ## - BIBLIOGRAPHY, ETC. NOTE
Bibliography, etc Index included
650 ## - SUBJECT ADDED ENTRY--TOPICAL TERM
Topical term or geographic name as entry element Auditing
9 (RLIN) 7397
650 ## - SUBJECT ADDED ENTRY--TOPICAL TERM
Topical term or geographic name as entry element Assurance services
9 (RLIN) 19567
942 ## - ADDED ENTRY ELEMENTS (KOHA)
Source of classification or shelving scheme Dewey Decimal Classification
Koha item type Open Shelf
Holdings
Withdrawn status Lost status Source of classification or shelving scheme Damaged status Not for loan Home library Current library Date acquired Source of acquisition Inventory number Total Checkouts Full call number Barcode Date last seen Koha item type
    Dewey Decimal Classification     MUST Main Library MUST Main Library 01/04/2026 Purchase 26/42602   657.45 AUD 2024 2026-0075 01/04/2026 Open Shelf